| 000 | 00916nac a22002411u 4500 | ||
|---|---|---|---|
| 010 | _a 98020126 | ||
| 020 | _a0897895800 (alk. paper) | ||
| 082 | 0 | 0 |
_a305.244 _bEDE |
| 090 |
_c7484 _d7484 |
||
| 100 | _aEdelstein, Linda. | ||
| 245 | 1 | 4 |
_aThe art of midlife : _bcourage and creative living for women / _cLinda N. Edelstein. |
| 260 |
_aWestport, Conn : _bBergin & Garvey, _c1999. |
||
| 300 |
_a[xi], 215 p. : _bill. ; _c24 cm. |
||
| 500 | _aDistributer: al-Ahram. | ||
| 504 | _aIncludes bibliographical references and index. | ||
| 511 | _aCatalogued By: Mahitab. | ||
| 650 | 0 |
_aMiddle-aged women _xPsychology. |
|
| 650 | 0 |
_aMiddle-aged women _xAttitudes. |
|
| 650 | 0 |
_aAging _xPsychological aspects. |
|
| 650 | 0 | _aSelf-actualization (Psychology) | |
| 942 |
_cBB _k305.244EDE |
||
| 999 |
_c7484 _d7484 |
||